|
|
|
|
| LEADER |
00000 a a2200000 04500 |
| 001 |
26757 |
| 003 |
|
| 040 |
|
|
|
| 020 |
|
|
|a 968-5224-03-X
|
| 090 |
|
|
|a 149612
|
| 100 |
|
|
|a Pérez Islas, José Antonio
|
| 110 |
|
|
|a Instituto Mexicano de la Juventud
|
| 245 |
|
|
|a Jóvenes: III evaluación del conocimiento. La Investigación sobre juventud en México 1986-1999 /
|c Instituto Mexicano de la Juventud
|
| 260 |
|
|
|a México, D.F.:
|b IMJ
|
| 300 |
|
|
|a 634 p. en II tomos
|
| 500 |
|
|
|a Comentario del documento El Estado del Arte sobre Sexualidad Juvenil
|
| 650 |
|
|
|a JUVENTUD
|
| 650 |
|
|
|a SEXUALIDAD
|
| 650 |
|
|
|a COMPORTAMIENTO SEXUAL
|
| 710 |
|
|
|a Centro de Investicación y Estudios sobre Juventud
|
| 999 |
|
|
|c 11492
|d 11492
|